000 00926nam a22002897a 4500
001 BR9603209
003 BR-BrBNA
005 20230928095023.0
007 ta
008 230509b bl.||||| |||| 00| 0 por d
040 _aBR-BrBNA
_bpor
_cBiblioteca Nacional de Agricultura
041 _a(Por)
072 _aF06; P33
_b0336
090 _ 0336 BR9603209
100 1 _aPereira, A.R.
110 1 _aEscola Superior de Agricultura de Lavras, MG (Brasil)
_0Tese (Mestre em Engenharia Agricola)
245 1 _aEfeitos da irrigacao e mecanizacao sobre a compactacao de um latossolo cultivado com soja (Glycine max L.)
260 3 _aLavras, MG (Brasil):
_c1994.
300 _a59 p.
500 _a12 graphs; 7 tables; Summaries (Eng, Por); Bibliography p. 44-49
650 _aSoja
650 _aIrrigacao
650 _aMecanizacao
650 _aCompactacao do Solo
909 _a202309
_bLucia
_c55
_dLucia Elande
942 _cBK
999 _c54038
_d54038